000 01339nam a2200277 a 4500
001 000015961
003 DO-SdBNP
005 20211202125341.0
008 100222s1999 dr r 000 0 spa d
040 _aDO-SdBNP
_bspa
_cBNPHU
082 4 _a972.9302
_bC332c
_222
245 0 0 _aCartas del cabildo de la ciudad de Santo Domingo en el siglo XVI /
_ccompilador, Genaro Rodríguez Morel ; editor, Dantes Ortiz ; diagramación, diseño de cubierta e índice onomástico, Eric Simó.
260 _aSanto Domingo :
_bCentro de Altos Estudios Humanísticos y del Idioma Español,
_c1999.
300 _a501 p. ;
_c23 cm.
500 _aIncluye datos biográficos del autor en las solapas de la cubierta.
500 _aIncluye índices
500 _aIncluye bibliografía y notas al pie de páginas.
590 _aInventariado, 2019/BT
650 4 _aGobierno local
_zSanto Domingo (República Dominicana)
_9309
651 4 _aRepública Dominicana
_xHistoria
_yGobierno colonial, 1511-1795
_xFuentes
_935865
651 4 _aSanto Domingo (República Dominicana)
_xPolítica y gobierno
_xFuentes
_9310
651 4 _aSanto Domingo (República Dominicana)
_xHistoria
_ySiglo XX
_xFuentes
_935866
651 4 _aCabildo De Santo Domingo (República Dominicana)
_xHistoria
_xFuentes
_9312
910 _aValidado. Control de calidad. EMS
942 _2ddc
_cLBS1
999 _c15503
_d15503